Statistiques concernant Saint Seiya - Gold Saints

Cliquez ici pour prendre le quiz!

Statistiques générales

  • Ce quiz a été pris 105 fois
  • Le résultat moyen est 11 sur 12

Statistiques - réponses

Réponse% Correct
Mu du Bélier
97%
Aldebaran du Taureau
92%
Shaka de la Vierge
91%
Aphrodite des Poissons
90%
Deathmask du Cancer
90%
Camus du Verseau
89%
Saga des Gémeaux
89%
Aiolia du Lion
87%
Aiolos du Sagittaire
84%
Dohko de la Balance
84%
Milo du Scorpion
82%
Shura du Capricorne
82%

Distribution des résultats

Percentile par nombre de réponses

% des personnes avec chaque résultat

Votre développement - résultats

Vous n’avez pas pris ce quiz